| 000 | 00837nam a2200265Ia 4500 | ||
|---|---|---|---|
| 003 | OSt | ||
| 005 | 20220918171145.0 | ||
| 006 | a|||||r|||| 00| 0 | ||
| 007 | ta | ||
| 008 | 220917b |||||||| |||| 00| 0 eng d | ||
| 020 |
_a9781405120944 (pbk) _cUSD 49.95 |
||
| 024 | _a317,467 | ||
| 037 |
_b7998, 08/03/2017, Efficient Book Distributors _cTextual |
||
| 040 |
_aARTS _cARTS _beng |
||
| 041 |
_2eng _aeng |
||
| 082 | _aV1:17.P1, Q6 | ||
| 100 |
_aYoung Robert J.C. Au. _934559 |
||
| 245 | 0 |
_aPostcolonialism _b an historical introduction |
|
| 250 | _aAnniversary Ed. | ||
| 260 |
_aWest Sussax _b Wiley Blackwell UK _c2016 |
||
| 300 |
_axxx,500p. _ccm. |
||
| 650 | _aCOLONIES | ||
| 942 |
_hV1:17.P1, Q6 _cTEXL _2CC |
||
| 999 |
_c138161 _d138161 |
||